| 000 | 00631nam a2200265Ia 4500 | ||
|---|---|---|---|
| 001 | 195 | ||
| 005 | 20240113233402.0 | ||
| 007 | ta | ||
| 008 | 050106s2002 g b000 u asm u | ||
| 040 | _aStack | ||
| 041 | _aasm | ||
| 082 |
_a891.493 B _bBa 23 No |
||
| 100 | _aBaro, Sujuma . | ||
| 245 | 0 |
_aNo gederao / _cSujuma Baro. _hTextual Documents |
|
| 250 | _a1st ed / | ||
| 260 |
_aKamrup : _bSujuma Baro , _c2002. |
||
| 300 |
_a42p. ; _c21cm. |
||
| 500 | _aThis book is in bodo language | ||
| 653 | _aBodo navel | ||
| 942 |
_2ddc _cBK |
||
| 999 |
_c195 _d195 |
||